000 01094nam a2200217Ia 4500
003 Ost
005 20260507075013.0
008 260507s9999||||xx |||||||||||||| ||und||
040 _cfsecg
041 _aara
082 _a658
100 _aأبو بكر، مصطفي محمود
_eمؤلف
245 0 _aإدارة وظيفة الإحتياجات :
_bفي المنظمات المعاصرة مدخل إستراتيجي لتحقيق الميزة التنافسية /
_c مصطفي محمود أبو بكر
260 _aالإسكندرية:
_bالدار الجامعية,
_c[دون تاريخ]
300 _a625 صفحة؛
_c24 سم
520 _aالإطار العام لإدارة وظيفة الإحتياجات-قرار توفير الإحتياجات(المفهوم،الخصائص،الأركان)الإطار التنظيمي والإداري لوظيفة الإحتياجات-التفكير والتخطيط الإستراتيجي في وظيفة الإحتياجات
653 _aالادارة
653 _aالمنافسة
653 _aالمنظمات
942 _cكتاب
999 _c42175
_d42175